书目信息 |
| 题名: |
二十四史名言名典
|
|
| 作者: | 黄中业 主编 | |
| 分册: | 下册 | |
| 出版信息: | 沈阳 沈阳出版社 2000.12 |
|
| 页数: | -824页 | |
| 开本: | 32开 | |
| 丛书名: | ||
| 单 册: | ||
| 中图分类: | K204.1-61 | |
| 科图分类: | ||
| 主题词: | 二十四史--中国 | |
| 电子资源: | ||
| ISBN: | 7-5441-1364-7 | |
| 000 | 00573nam0 2200193 45 | |
| 001 | 0110160814 | |
| 005 | 20031219104058.6 | |
| 010 | @a7-5441-1364-7@dCNY24.00 | |
| 100 | @a20011016d2000 km y0chiy0120 ea | |
| 101 | 0 | @achi |
| 105 | @a z 000yy | |
| 200 | 1 | @a二十四史名言名典@h下册@AEr Shi Si Shi Ming Yan Ming Dian@f黄中业主编@FHuang Zhong Ye Zhu Bian |
| 210 | @a沈阳@c沈阳出版社@d2000.12 | |
| 215 | @a-824页@d32开 | |
| 606 | 0 | @a二十四史@y中国 |
| 690 | @aK204.1-61@v4 | |
| 701 | @a黄中业@4主编 | |
| 801 | @aCN@bTSTC@c20021021 | |
| 905 | @b315745-748@dK204.1-61@e79:2@f4 | |
| 二十四史名言名典.下册/黄中业主编.-沈阳:沈阳出版社,2000.12 |
| -824页;32开 |
| ISBN 7-5441-1364-7:CNY24.00 |
| ● |
| 相关链接 |
|
|
|
|
正题名:二十四史名言名典
索取号:K204.1-61/79:2
 
预约/预借
| 序号 | 登录号 | 条形码 | 馆藏地/架位号 | 状态 | 备注 |
| 1 | 0315745 | 203157458 | 第二借阅区/ [索取号:K204.1-61/79:2] | 在馆 | |
| 2 | 0315746 | 203157467 | 第二借阅区/ [索取号:K204.1-61/79:2] | 在馆 | |
| 3 | 0315747 | 203157476 | 第二借阅区/ [索取号:K204.1-61/79:2] | 在馆 | |
| 4 | 0315748 | 203157485 | 第二样本阅览室/ [索取号:K204.1-61/79:2] | 在馆 | |
| 5 | 0316665 | 203166652 | 第二借阅区/ [索取号:K204.1-61/79:2] | 在馆 |